Music Quiz

Random Music or Clickable Quiz

10-to-1: Top Ten Hits of the 1990s Quiz Stats

 Plays Quiz Updated Jun 26, 2017

Support Sporcle.
Go Orange.
Score 0/55 Timer 05:00
0 Plays Today
% Correct
I Will Always Love You
80.5%
Vogue
79.3%
Always Be My Baby
78.1%
My Heart Will Go On
77.6%
Don't Cry for Me Argentina
73.8%
Waterfalls
71.9%
Black or White
70.9%
No Scrubs
66.9%
Dreamlover
66.8%
I'll Make Love To You
64.9%
Hero
63.8%
I'm Every Woman
63.6%
Erotica
62.3%
Ray of Light
62.1%
Fantasy
60.7%
Rhythm Nation
58.7%
End of the Road
57.7%
Justify My Love
57.2%
Emotions
56%
Because You Loved Me
55.7%
Honey
55.6%
It's All Coming Back to Me Now
51.8%
On Bended Knee
50.3%
Motownphilly
49.3%
This Used To Be My Playground
48.4%
I Have Nothing
48.3%
Creep
48.1%
Take a Bow
48%
% Correct
You Are Not Alone
47.8%
Escapade
46%
Unpretty
45.9%
That's the Way Love Goes
45.8%
All By Myself
44.7%
The Power of Love
43.8%
Black Cat
42.3%
I'll Be There
41.1%
Exhale (Shoop Shoop)
39.4%
My Love Is Your Love
37.5%
Angel of Mine
36.6%
Frozen
35.4%
Again
35.4%
Together Again
32.9%
All the Man That I Need
32.3%
Someday
31.3%
My All
28%
4 Seasons of Loneliness
27.4%
If
26.9%
Don't Take It Personal (Just One of Dem Days)
26.2%
I Don't Wanna Cry
26.2%
Water Runs Dry
24.3%
Heartbreak Hotel
23.2%
Runaway
22.4%
I Get Lonely
20.8%
For You I Will
16%
I Wanna Be Down
15.9%

You're not logged in!

Compare scores with friends on all Sporcle quizzes.
OR
Log In
Forgot?

From the Vault

Movie Multitaskers: Directors as Actors

by Larryholmes79

These people can be in front of the camera and behind it at the same time.
Remove Ads.
Support Sporcle.
Get the best of Sporcle when you Go Orange. This ad-free experience offers more features, more stats, and more fun while also helping to support Sporcle. Thank you for becoming a member.

Show Comments

Extras

Top Quizzes Today


Score Distribution

Your Account Isn't Verified!

In order to create a playlist on Sporcle, you need to verify the email address you used during registration. Go to your Sporcle Settings to finish the process.

Report this User

Report this user for behavior that violates our Community Guidelines.

Details: